UM Logo

Breakthrough leadership : (Record no. 16714)

MARC details
000 -LEADER
fixed length control field 00844nam a2200193 4500
008 - FIXED-LENGTH DATA ELEMENTS--GENERAL INFORMATION
fixed length control field 220311b ||||| |||| 00| 0 eng d
020 ## - INTERNATIONAL STANDARD BOOK NUMBER
International Standard Book Number 9781071824412
082 ## - DEWEY DECIMAL CLASSIFICATION NUMBER
Edition number 2021
Classification number DC 371.822
Item number B611
100 ## - MAIN ENTRY--PERSONAL NAME
Personal name Blankstein, Alan M.
9 (RLIN) 44677
245 ## - TITLE STATEMENT
Title Breakthrough leadership :
Remainder of title six principles guiding schools where inequity is not an option /
Statement of responsibility, etc. Alan M. Blankstein and Marcus J. Newsome, Lauren B. Mahan; Foreword by Pedro A. Noguera.
260 ## - PUBLICATION, DISTRIBUTION, ETC. (IMPRINT)
Place of publication, distribution, etc. California :
Name of publisher, distributor, etc. Corwin ;
Date of publication, distribution, etc. ©2021.
300 ## - PHYSICAL DESCRIPTION
Extent xviii, 211 pages :
Other physical details illustrations ;
Dimensions 25 cm.
500 ## - GENERAL NOTE
General note Includes bibliographical references and index.
650 ## - SUBJECT ADDED ENTRY--TOPICAL TERM
Topical term or geographic name as entry element Educational equalization
General subdivision Developing countries.
9 (RLIN) 44678
700 ## - ADDED ENTRY--PERSONAL NAME
Personal name Newsome, Marcus J.
Relator term Author.
9 (RLIN) 44679
700 ## - ADDED ENTRY--PERSONAL NAME
Personal name Mahan, Lauren B.
Relator term Author.
9 (RLIN) 44680
700 ## - ADDED ENTRY--PERSONAL NAME
Personal name Noguera, Pedro A.
Relator term Foreword.
9 (RLIN) 44681
942 ## - ADDED ENTRY ELEMENTS (KOHA)
Source of classification or shelving scheme Dewey Decimal Classification
Koha item type Circulation
Holdings
Withdrawn status Lost status Source of classification or shelving scheme Damaged status Not for loan Collection code Home library Current library Shelving location Date acquired Source of acquisition Cost, normal purchase price Total Checkouts Full call number Barcode Date last seen Date last checked out Price effective from Koha item type
    Dewey Decimal Classification     Circulation UM Digos College - LIC UM Digos College - LIC Book Cart 02/10/2022 Purchased 4199.00 3 DC 371.822 B611 2021 26486 05/15/2025 11/03/2022 03/11/2022 Circulation